David McPhail's animals a to z / (Record no. 2123)

MARC details
000 -LEADER
fixed length control field 00642nam a22002297a 4500
005 - DATE AND TIME OF LATEST TRANSACTION
control field 20250801142155.0
020 ## - INTERNATIONAL STANDARD BOOK NUMBER
International Standard Book Number 0590464620
040 ## - CATALOGING SOURCE
Original cataloging agency FISKH
Language of cataloging eng
Transcribing agency FISKH
Modifying agency FISKH
050 ## - LIBRARY OF CONGRESS CALL NUMBER
Classification number PE1155.M39
082 ## - DEWEY DECIMAL CLASSIFICATION NUMBER
Classification number 411
100 ## - MAIN ENTRY--PERSONAL NAME
Personal name McPhail, David
245 ## - TITLE STATEMENT
Title David McPhail's animals a to z /
260 ## - PUBLICATION, DISTRIBUTION, ETC.
Place of publication, distribution, etc. New York :
Name of publisher, distributor, etc. Scholastic,
Date of publication, distribution, etc. 1989
300 ## - PHYSICAL DESCRIPTION
Extent 26 unnumbered pages :
Dimensions 20x20 cm
505 ## - FORMATTED CONTENTS NOTE
Formatted contents note A
520 ## - SUMMARY, ETC.
Summary, etc. The artist's illustrations present a painting of at least one animal for each letter of the alphabet.
521 ## - TARGET AUDIENCE NOTE
Target audience note 10
Source Lexile estimate
521 ## - TARGET AUDIENCE NOTE
Target audience note A
Source Raz-Plus
650 ## - SUBJECT ADDED ENTRY--TOPICAL TERM
Topical term or geographic name entry element Animal
942 ## - ADDED ENTRY ELEMENTS (KOHA)
Source of classification or shelving scheme Dewey Decimal Classification
Koha item type Books
Suppress in OPAC No
999 ## -
-- 2123
-- 2123
Holdings
Withdrawn status Lost status Source of classification or shelving scheme Damaged status Not for loan Collection Home library Current library Shelving location Date acquired Total Checkouts Full call number Barcode Date last seen Copy number Price effective from Koha item type Date last checked out
    Dewey Decimal Classification     Non-Fiction Footprints International School Library Network Toul Kork Campus Footprints International School Library Network Toul Kork Campus TK Primary Library Room(4th Floor), Bookcase 7, Shelves 57-60, Dark Green Books 11/07/2023   MCP 411 PE1155.M39 FISBK01051 11/07/2023 1 11/07/2023 Books  
    Dewey Decimal Classification     Non-Fiction Footprints International School Library Network Toul Tom Poung Campus Footprints International School Library Network Toul Tom Poung Campus TTP Primary Dark Blue Bookshelves 07/22/2025   MCP 411 PE1155.M39 FISBK01038 07/22/2025 2 07/22/2025 Books  
    Dewey Decimal Classification     Non-Fiction Footprints International School Library Network Toul Tom Poung Campus Footprints International School Library Network Toul Tom Poung Campus TTP Primary Dark Blue Bookshelves 08/01/2025 1 MCP 411 PE1155.M39 FISTK02551 10/07/2025 3 08/01/2025 Books 09/29/2025